NPB プロ野球 400本塁打達成者 - Statistics

General Stats
  • This quiz has been taken 1,312 times
  • The average score is 12 of 20
Answer Stats
通算本数 最終所属球団 備考 氏名 % Correct
868 読売 王貞治
99%
481 埼玉西武 2000本安打未達成 中村剛也
90%
404 横浜DeNA 中村紀洋
82%
657 西武 野村克也
80%
510 日本ハム 落合博満
75%
444 読売 長嶋茂雄
73%
525 オリックス 清原和博
71%
536 広島 山本浩二
67%
567 福岡ダイエー 門田博光
64%
504 広島 衣笠祥雄
61%
476 阪神 金本知憲
55%
413 福岡ソフトバンク 小久保裕紀
55%
437 福岡ダイエー 秋山幸二
51%
464 オリックス 2000本安打未達成 タフィ・ローズ
48%
406 読売 阿部慎之助
45%
504 ロッテ 張本勲
40%
474 西武 2000本安打未達成 田淵幸一
39%
403 中日 2000本安打未達成 山﨑武司
38%
486 ヤクルト 大杉勝男
27%
465 西武 土井正博
19%
No matching quizzes found
Score Distribution
Percent of People with Each Score
Percentile by Number Answered
Your Score History
You have not taken this quiz